00902 2200217 4500001002100000005001500021035002000036007000300056008004100059082001100100084001700111100002300128245004200151250001200193260004100205300002700246650002100273520033800294990002600632990002600658INLIS00000000001034120221022085945 a0010-0122000075ta221022 g 0 ind  a297.27 a297.27 KOM i0 aKomaruddin Hidayat1 aImajinasi Islam /cKomaruddin Hidayat aCet. 1. aTangerang Selatan :bAlvabet,c2021. avi, 136 hlm. ;c20 cm. 4aSosial keagamaan aMeskipun islam lahir dan tumbuh dalam masyarakat Arab di abad ke-6 yang bersifat lokal fan partikular, namun pesan Islam bersifat universal. Untuk menangkap substansi ajarannya diperlukan imajinasi dan penggalian makna secara terus menerus di balik wadah dan simbol budaya yang bersifat historis yang sarat dengan nuansa budaya Arab. a26633/MKRI-P/XII-2021 a26633/MKRI-P/XII-2021